[Event "GRB-ch Universities"]
[Site "Birmingham"]
[Date "2016.02.20"]
[Round "2.1"]
[White "Thestrup, Sixten"]
[Black "Batchelor, Peter"]
[Result "1-0"]
[WhiteElo "2130"]
[BlackElo "2342"]
[PlyCount "101"]
[EventDate "2016.02.20"]
[EventType "team-swiss"]
[EventRounds "5"]
[EventCountry "ENG"]
[SourceTitle "CBM 170 Extra"]
[Source "ChessBase"]
[SourceDate "2016.02.25"]
[SourceVersion "1"]
[SourceVersionDate "2016.02.25"]
[SourceQuality "1"]
[WhiteTeam "Manchester"]
[BlackTeam "Warwicks Select"]
[WhiteTeamCountry "ENG"]
[BlackTeamCountry "ENG"]

1. c4 Nf6 2. g3 c6 3. Bg2 d5 4. Nf3 g6 5. b3 Bg7 6. Bb2 0-0 7. 0-0 a5 8. d3 Nbd7 9. Qc2 Re8 10. cxd5 Nxd5 11. Bxg7 Kxg7 12. Nc3 Nxc3 13. Qxc3+ e5 14. Nd2 Nf6 15. Nc4 Qd4 16. Rac1 a4 17. b4 Be6 18. a3 Bd5 19. e3 Qxc3 20. Rxc3 Rad8 21. Nb6 Bb3 22. Rfc1 Re6 23. Kf1 Ne8 24. Ke2 Nc7 25. Rc5 Nb5 26. Nc4 f6 27. Na5 e4 28. Bxe4 f5 29. Nxb7 Rd7 30. Rxb5 cxb5 31. Nc5 fxe4 32. Nxd7 exd3+ 33. Kd2 g5 34. Rc5 Rd6 35. Ne5 h5 36. f4 gxf4 37. exf4 h4 38. Rxb5 hxg3 39. hxg3 Rh6 40. Rb7+ Kf8 41. f5 Rh2+ 42. Kxd3 Rh3 43. f6 Rxg3+ 44. Kd4 Kg8 45. Kc5 Ba2 46. Rg7+ Rxg7 47. fxg7 Kxg7 48. Kd6 Kf6 49. b5 Bb1 50. b6 Be4 51. Nc6 1-0

[Event "Bolton 4NCL op-A 4th"]
[Site "Bolton"]
[Date "2015.09.12"]
[Round "2.9"]
[White "Thestrup, Sixten"]
[Black "Homer, Neil S"]
[Result "1-0"]
[WhiteElo "2133"]
[BlackElo "1753"]
[PlyCount "43"]
[EventDate "2015.09.11"]
[EventType "swiss"]
[EventRounds "5"]
[EventCountry "ENG"]
[SourceTitle "EXT 2023"]
[Source "ChessBase"]
[SourceDate "2022.10.05"]
[SourceVersion "1"]
[SourceVersionDate "2022.10.05"]
[SourceQuality "1"]

1. c4 e6 2. g3 d5 3. Bg2 Bc5 4. Nf3 Nf6 5. 0-0 Nc6 6. b3 d4 7. e3 e5 8. exd4 exd4 9. d3 Be7 10. Bf4 0-0 11. Ne5 Nxe5 12. Bxe5 Bd6 13. Bxf6 Qxf6 14. Nd2 Re8 15. Re1 Qd8 16. Qh5 g6 17. Qd5 Rxe1+ 18. Rxe1 Rb8 19. Re4 Be7 20. Qxd8+ Bxd8 21. Rxd4 Kf8 22. Rxd8+ 1-0

[Event "Horsens Lang Weekend op"]
[Site "Horsens"]
[Date "2013.07.19"]
[Round "4"]
[White "Teplyi, Igor"]
[Black "Thestrup, Sixten"]
[Result "1-0"]
[WhiteElo "2409"]
[BlackElo "2156"]
[PlyCount "125"]
[EventDate "2013.07.18"]
[EventType "swiss"]
[EventRounds "7"]
[EventCountry "DEN"]
[SourceTitle "CBM 155 Extra"]
[Source "ChessBase"]
[SourceDate "2013.08.26"]
[SourceVersion "1"]
[SourceVersionDate "2013.08.26"]
[SourceQuality "1"]

1. d4 d6 2. Nf3 Bg4 3. g3 Bxf3 4. exf3 g6 5. h4 h5 6. c3 c6 7. Nd2 d5 8. f4 e6 9. Nf3 Nd7 10. Bd3 Bg7 11. Kf1 Ne7 12. Kg2 a6 13. Ne5 Nxe5 14. fxe5 Bh6 15. Bxh6 Rxh6 16. Qd2 Rh8 17. b4 b5 18. a4 Kd7 19. Ra2 Rc8 20. Rha1 Rc7 21. axb5 axb5 22. Qf4 Rf8 23. Ra6 Nc8 24. Ra8 Qe7 25. Rb8 Re8 26. Raa8 Rf8 27. Qf3 Qd8 28. Qe2 Re8 29. Qd2 Rg8 30. Qh6 Qe7 31. Kf1 Qf8 32. Qf4 Qe7 33. Ke2 Rf8 34. Kd2 Rg8 35. Kc2 Rf8 36. Kb3 Rg8 37. Qf3 Re8 38. Qe3 Qd8 39. Qh6 Rg8 40. Bf1 Qf8 41. Qf4 Qe7 42. Ra6 Rf8 43. Bd3 Rg8 44. Qd2 Rf8 45. Qa2 Qd8 46. Qe2 Re8 47. f3 Rg8 48. Bxb5 cxb5 49. Qxb5+ Ke7 50. Rc6 Rxc6 51. Qxc6 f5 52. Rb7+ Kf8 53. Rd7 Qe8 54. Qc7 Ne7 55. Rd8 Qxd8 56. Qxd8+ Kf7 57. Qd7 g5 58. b5 f4 59. gxf4 gxh4 60. f5 exf5 61. e6+ Kf6 62. Qd6 h3 63. Qe5+ 1-0

[Event "Teplice op 8th"]
[Site "Teplice"]
[Date "2013.06.20"]
[Round "6"]
[White "Thestrup, Sixten"]
[Black "Zima, Tomas"]
[Result "1-0"]
[WhiteElo "2137"]
[BlackElo "1832"]
[PlyCount "135"]
[EventDate "2013.06.15"]
[EventType "swiss"]
[EventRounds "9"]
[EventCountry "CZE"]
[SourceTitle "CBM 155 Extra"]
[Source "ChessBase"]
[SourceDate "2013.08.26"]
[SourceVersion "1"]
[SourceVersionDate "2013.08.26"]
[SourceQuality "1"]

1. d4 d5 2. Na3 Nf6 3. c3 c6 4. g3 Bf5 5. Nf3 e6 6. Nh4 Be4 7. f3 Bg6 8. Nxg6 hxg6 9. Nc2 Bd6 10. f4 Nbd7 11. Bg2 Ne4 12. Bxe4 dxe4 13. b3 f5 14. Qd2 Nf6 15. Bb2 Qe7 16. 0-0-0 0-0-0 17. Ne3 Ba3 18. Nc4 Bxb2+ 19. Kxb2 Nd7 20. h4 b6 21. a4 Kc7 22. e3 Rb8 23. Ra1 Ra8 24. Rhd1 Rhd8 25. Qe2 a5 26. Rd2 Kb7 27. Rad1 Rac8 28. Ne5 Nxe5 29. dxe5 Rd5 30. Rxd5 cxd5 31. Rd4 Qc5 32. Qd2 Rc7 33. c4 dxc4 34. Rxc4 Qe7 35. Rd4 Qc5 36. Rd6 Rc6 37. Rd7+ Rc7 38. Rd6 Rc6 39. Rxe6 Rxe6 40. Qd7+ Kb8 41. Qxe6 Qxe3 42. Qd6+ Kc8 43. Qf8+ Kd7 44. Qxg7+ Kd8 45. Qf6+ Kc7 46. Qe7+ Kc8 47. Qe6+ Kd8 48. Qd6+ Kc8 49. Qc6+ Kd8 50. Qd5+ Kc8 51. Qd6 Qe2+ 52. Ka3 Qe1 53. Qxg6 Kc7 54. Qd6+ Kc8 55. Qc6+ Kd8 56. Qxb6+ Ke7 57. Qc7+ Ke8 58. Qc6+ Ke7 59. Qf6+ Ke8 60. e6 Qc1+ 61. Qb2 Qc5+ 62. Ka2 e3 63. h5 Qd6 64. h6 Qd2 65. h7 Qxb2+ 66. Kxb2 e2 67. h8Q+ Ke7 68. Qe5 1-0

[Event "Teplice op 8th"]
[Site "Teplice"]
[Date "2013.06.15"]
[Round "1"]
[White "Ruzicka, Vaclav"]
[Black "Thestrup, Sixten"]
[Result "0-1"]
[WhiteElo "1688"]
[BlackElo "2137"]
[PlyCount "62"]
[EventDate "2013.06.15"]
[EventType "swiss"]
[EventRounds "9"]
[EventCountry "CZE"]
[SourceTitle "CBM 155 Extra"]
[Source "ChessBase"]
[SourceDate "2013.08.26"]
[SourceVersion "1"]
[SourceVersionDate "2013.08.26"]
[SourceQuality "1"]

1. e4 d6 2. d4 Nf6 3. Bd3 c6 4. Nf3 Bg4 5. h3 Bh5 6. 0-0 Nbd7 7. c4 e5 8. d5 Be7 9. Be3 0-0 10. Nc3 Bg6 11. Nd2 a6 12. b4 Nb6 13. Qe2 cxd5 14. cxd5 Nh5 15. a4 Nf4 16. Bxf4 exf4 17. Nf3 Bh5 18. g4 fxg3 19. fxg3 Bf6 20. Qd2 Rc8 21. Ra3 Nc4 22. Bxc4 Rxc4 23. Ne2 Qb6+ 24. Kh2 Rxb4 25. Qd3 Rb2 26. Kh1 Rc8 27. Nf4 Bxf3+ 28. Qxf3 Rcc2 29. Ng2 Rxg2 30. Qxg2 Rxg2 31. Kxg2 Qb2+ 0-1

[Event "DEN-chT 1213"]
[Site "Denmark"]
[Date "2013.03.09"]
[Round "8.6"]
[White "Berg, Klaus"]
[Black "Thestrup, Sixten"]
[Result "1-0"]
[WhiteElo "2390"]
[BlackElo "2072"]
[PlyCount "85"]
[EventDate "2012.10.27"]
[EventType "team-tourn"]
[EventRounds "9"]
[EventCountry "DEN"]
[SourceTitle "EXT 2014"]
[Source "ChessBase"]
[SourceDate "2013.11.20"]
[SourceVersion "1"]
[SourceVersionDate "2013.11.20"]
[SourceQuality "1"]
[WhiteTeam "Nordea"]
[BlackTeam "Obro"]
[WhiteTeamCountry "DEN"]
[BlackTeamCountry "DEN"]

1. g3 d6 2. Bg2 e5 3. c4 f5 4. Nc3 Nf6 5. d3 Be7 6. e4 c6 7. Nge2 0-0 8. 0-0 Be6 9. exf5 Bxf5 10. d4 Na6 11. h3 Nb4 12. g4 Bd3 13. a3 Bxe2 14. Nxe2 Na6 15. Be3 Nc7 16. Qb3 Qc8 17. f4 exd4 18. Nxd4 d5 19. Nf5 Re8 20. Bd4 dxc4 21. Qxc4+ Qe6 22. Qc3 Nb5 23. Rae1 Qf7 24. Nxe7+ Rxe7 25. Rxe7 Qxe7 26. Qc4+ Qf7 27. Qxf7+ Kxf7 28. Be5 Rd8 29. a4 Nd4 30. b4 Ne6 31. b5 Nd5 32. bxc6 bxc6 33. f5 Nc5 34. Bd4 Nd3 35. Rb1 Rd7 36. Bxd5+ cxd5 37. a5 Nf4 38. Kf1 g6 39. a6 gxf5 40. gxf5 Nxh3 41. Bxa7 Ng5 42. Be3 Ne4 43. Rb7 1-0

[Event "Copenhagen Obro New Year op"]
[Site "Copenhagen"]
[Date "2012.12.28"]
[Round "3"]
[White "Rosenkilde, Alexander"]
[Black "Thestrup, Sixten"]
[Result "1/2-1/2"]
[WhiteElo "2255"]
[BlackElo "2072"]
[PlyCount "133"]
[EventDate "2012.12.27"]
[EventType "swiss"]
[EventRounds "7"]
[EventCountry "DEN"]
[SourceTitle "CBM 152 Extra"]
[Source "ChessBase"]
[SourceDate "2013.02.25"]
[SourceVersion "1"]
[SourceVersionDate "2013.02.25"]
[SourceQuality "1"]

1. d4 d6 2. Nf3 Bg4 3. c4 Bxf3 4. exf3 g6 5. Nc3 Bg7 6. Be3 Nd7 7. Qd2 e6 8. Be2 Ne7 9. g4 d5 10. cxd5 Nxd5 11. Nxd5 exd5 12. 0-0-0 Nf8 13. Qb4 Ne6 14. f4 Qe7 15. Qxe7+ Kxe7 16. f5 Nd8 17. Bf3 c6 18. Rhe1 Kd7 19. Bg5 f6 20. Bf4 g5 21. Bg3 Re8 22. Rxe8 Kxe8 23. Re1+ Kd7 24. Kc2 Nf7 25. b4 Re8 26. Rxe8 Kxe8 27. b5 Bf8 28. Bb8 Bd6 29. Bxa7 Bxh2 30. bxc6 bxc6 31. Be2 Kd8 32. a4 Bc7 33. Kb3 Nd6 34. f3 Nc8 35. Bc5 Bd6 36. Kb4 Kc7 37. a5 Na7 38. Ba6 h6 39. Be2 Nc8 40. Bd3 Bxc5+ 41. Kxc5 Nd6 42. Kb4 Nc8 43. Bc2 Kd6 44. Bd1 Kc7 45. Kc5 Nd6 46. Ba4 Nb7+ 47. Kb4 Nd6 48. a6 Nc8 49. Kc5 Na7 50. Bb3 Nc8 51. Bd1 Nb6 52. a7 Nd7+ 53. Kb4 Kb7 54. Ba4 Nb6 55. a8Q+ Nxa8 56. Kc5 Kc7 57. Bxc6 Nb6 58. Bxd5 Nd7+ 59. Kb4 Kd6 60. Be4 Nb6 61. Kc3 Na4+ 62. Kb3 Nb6 63. Kb4 Nc8 64. Kb5 Na7+ 65. Kb6 Nc8+ 66. Kb7 Ne7 67. Kb6 1/2-1/2

[Event "DEN-chT 1213"]
[Site "Denmark"]
[Date "2012.12.02"]
[Round "3.5"]
[White "Laursen, Niels Norskov"]
[Black "Thestrup, Sixten"]
[Result "1-0"]
[WhiteElo "2261"]
[BlackElo "2072"]
[PlyCount "71"]
[EventDate "2012.10.27"]
[EventType "team-tourn"]
[EventRounds "9"]
[EventCountry "DEN"]
[SourceTitle "EXT 2023"]
[Source "ChessBase"]
[SourceDate "2022.10.05"]
[SourceVersion "1"]
[SourceVersionDate "2022.10.05"]
[SourceQuality "1"]
[WhiteTeam "Valby K41"]
[BlackTeam "Obro"]
[WhiteTeamCountry "DEN"]
[BlackTeamCountry "DEN"]

1. e4 d6 2. d4 Nf6 3. Nc3 c6 4. Nf3 Bg4 5. Be2 Nbd7 6. 0-0 e5 7. a4 a5 8. Be3 Be7 9. Nh4 Bxe2 10. Qxe2 0-0 11. Nf5 Re8 12. Rad1 Bf8 13. Qf3 g6 14. Nh6+ Kg7 15. h3 exd4 16. Rxd4 Ne5 17. Qg3 d5 18. exd5 Bc5 19. Rh4 Bxe3 20. fxe3 Nxd5 21. Ne4 Nxe3 22. Qf4 Nxf1 23. Nf5+ gxf5 24. Qh6+ Kg8 25. Qxh7+ Kf8 26. Qh8+ Ke7 27. Qxe5+ Kd7 28. Nf6+ Kc8 29. Nxe8 Ng3 30. Nd6+ Kd7 31. Rd4 c5 32. Nxf7+ cxd4 33. Nxd8 f4 34. Nxb7 Re8 35. Nc5+ Kd8 36. Qd6+ 1-0

[Event "DEN-chT 1213"]
[Site "Denmark"]
[Date "2012.10.28"]
[Round "2.7"]
[White "Christensen, Thomas"]
[Black "Thestrup, Sixten"]
[Result "0-1"]
[WhiteElo "2248"]
[BlackElo "2072"]
[PlyCount "210"]
[EventDate "2012.10.27"]
[EventType "team-tourn"]
[EventRounds "9"]
[EventCountry "DEN"]
[SourceTitle "EXT 2014"]
[Source "ChessBase"]
[SourceDate "2013.11.20"]
[SourceVersion "1"]
[SourceVersionDate "2013.11.20"]
[SourceQuality "1"]
[WhiteTeam "Copenhagen 68"]
[BlackTeam "Obro"]
[WhiteTeamCountry "DEN"]
[BlackTeamCountry "DEN"]

1. d4 d6 2. Nf3 Bg4 3. c4 Bxf3 4. gxf3 c5 5. d5 g6 6. Nc3 Bg7 7. Qd3 Nd7 8. f4 Ngf6 9. Bg2 Qa5 10. Bd2 a6 11. h4 Rb8 12. b3 Nh5 13. e3 Qc7 14. Rd1 0-0 15. Bf3 Ndf6 16. Rg1 Qd7 17. e4 Qh3 18. Rh1 Qc8 19. Qe2 e5 20. fxe5 dxe5 21. Be3 Nf4 22. Qd2 N6h5 23. Na4 b6 24. b4 b5 25. Nxc5 bxc4 26. d6 Qc6 27. Qc3 Qb5 28. a3 Rfd8 29. Bxh5 Nxh5 30. Bg5 Nf6 31. Qxe5 Re8 32. Qf4 Nd7 33. Nxd7 Qxd7 34. Be7 Bc3+ 35. Kf1 Rbc8 36. Kg2 Bb2 37. h5 Qe6 38. hxg6 fxg6 39. d7 Qxe7 40. dxc8Q Rxc8 41. Qg4 Rc7 42. Rd5 c3 43. Rhd1 c2 44. Rd8+ Kf7 45. R8d7 Rxd7 46. Rxd7 c1Q 47. Rxe7+ Kxe7 48. Qh4+ Kf7 49. Qxh7+ Bg7 50. Qh3 Qg5+ 51. Kf1 Qb5+ 52. Kg2 Qc6 53. Qd3 Be5 54. a4 Qf6 55. Qd7+ Kg8 56. Qc8+ Kg7 57. Qd7+ Kh6 58. Qh3+ Kg5 59. Qd3 Qf4 60. b5 axb5 61. axb5 Qg4+ 62. Kf1 Kh4 63. Qd8+ Qg5 64. Qd5 Qf6 65. Qd3 Qe6 66. Ke1 Qd6 67. Qf3 Qb4+ 68. Kf1 Qxb5+ 69. Kg2 Qd7 70. Qf8 Qg4+ 71. Kf1 Qxe4 72. Qh6+ Kg4 73. Qd2 Bf4 74. Qd7+ Qf5 75. Qd4 Qb1+ 76. Kg2 Qb7+ 77. Kg1 Qf3 78. Qd7+ Kh5 79. Qh7+ Bh6 80. Qh8 Qh3 81. Qe5+ Bg5 82. Qh8+ Bh6 83. Qe5+ Qf5 84. Qh8 Qf4 85. Qa8 Bg5 86. Qb7 Bh4 87. Qh7+ Kg5 88. Qe7+ Kh6 89. Qe2 Qc1+ 90. Kg2 Qc6+ 91. Kg1 Qc5 92. Qb2 Qf5 93. Qh8+ Kg5 94. Qd8+ Kg4 95. Qd4+ Kg5 96. Qd8+ Qf6 97. Qd2+ Kg4 98. Qe2+ Qf3 99. Qe6+ Kh5 100. Qe5+ g5 101. Qh8+ Kg4 102. Qd4+ Kh3 103. Kf1 Kh2 104. Qe5+ Qf4 105. Qb2 Qxf2+ 0-1

[Event "SRB Central-ch op-A 5th"]
[Site "Paracin"]
[Date "2012.07.13"]
[Round "9"]
[White "Thestrup, Sixten"]
[Black "Smirnov, Boris"]
[Result "1/2-1/2"]
[WhiteElo "2036"]
[BlackElo "2143"]
[PlyCount "125"]
[EventDate "2012.07.06"]
[EventType "swiss"]
[EventRounds "9"]
[EventCountry "SRB"]
[SourceTitle "CBM 149 Extra"]
[Source "ChessBase"]
[SourceDate "2012.08.24"]
[SourceVersion "1"]
[SourceVersionDate "2012.08.24"]
[SourceQuality "1"]

1. c4 c5 2. g3 Nc6 3. Bg2 d6 4. Nc3 g6 5. a3 Bg7 6. Rb1 a5 7. d3 e6 8. Nh3 Nge7 9. Nf4 0-0 10. 0-0 Rb8 11. Bd2 b6 12. Nb5 Bb7 13. b4 axb4 14. axb4 Nd4 15. Bxb7 Nxb5 16. Bg2 Nc3 17. Bxc3 Bxc3 18. bxc5 dxc5 19. e3 Qd6 20. Qc2 Be5 21. Ne2 Nc6 22. Rfd1 h5 23. Qa4 Rfc8 24. Qa6 Qc7 25. d4 cxd4 26. exd4 Bd6 27. d5 exd5 28. cxd5 Ne5 29. Nd4 Ng4 30. h3 Nf6 31. Nc6 Rb7 32. Rdc1 Kg7 33. Bf3 g5 34. Qa1 Qd7 35. g4 Re8 36. Nd4 Be5 37. d6 Ra7 38. Qb2 Kg8 39. Bc6 Qxd6 40. Nf5 Bxb2 41. Nxd6 Re2 42. Bf3 Rd2 43. Rc8+ Kg7 44. Nc4 Rd3 45. Be2 Rxh3 46. Rxb2 Ra1+ 47. Kg2 Rah1 48. gxh5 Nd5 49. h6+ Rxh6 50. Bg4 R6h4 51. Nd6 Kf6 52. Kf3 Ra1 53. Ne4+ Kg7 54. Rb3 f5 55. Ng3 fxg4+ 56. Ke4 Nf6+ 57. Kf5 Ra5+ 58. Ke6 Kg6 59. Rf8 Re5+ 60. Kxe5 Nd7+ 61. Ke4 Nc5+ 62. Ke5 Nd7+ 63. Ke4 1/2-1/2

[Event "SRB Central-ch op-A 5th"]
[Site "Paracin"]
[Date "2012.07.07"]
[Round "2"]
[White "Kadric, Denis"]
[Black "Thestrup, Sixten"]
[Result "1/2-1/2"]
[WhiteElo "2420"]
[BlackElo "2036"]
[PlyCount "84"]
[EventDate "2012.07.06"]
[EventType "swiss"]
[EventRounds "9"]
[EventCountry "SRB"]
[SourceTitle "CBM 149 Extra"]
[Source "ChessBase"]
[SourceDate "2012.08.24"]
[SourceVersion "1"]
[SourceVersionDate "2012.08.24"]
[SourceQuality "1"]

1. e4 d6 2. d4 Nf6 3. Nc3 c6 4. f4 Qa5 5. e5 Ne4 6. Qf3 d5 7. Bd3 Na6 8. Nge2 Nb4 9. 0-0 Nxd3 10. cxd3 Nxc3 11. bxc3 g6 12. Bd2 Qa6 13. Ng3 e6 14. Ne2 Bd7 15. Nc1 c5 16. Nb3 c4 17. dxc4 dxc4 18. Nc1 Bc6 19. Qf2 Be4 20. Re1 Qc6 21. a4 Be7 22. Ne2 h5 23. Bc1 h4 24. h3 Bc2 25. a5 b5 26. Ba3 a6 27. Nc1 Be4 28. Bxe7 Kxe7 29. Na2 Bd5 30. Nb4 Qb7 31. Nc2 Rab8 32. Qd2 Rh5 33. Rf1 Be4 34. Nb4 Bd5 35. Rf2 Kd7 36. Qb2 Rf5 37. Nc2 Kd8 38. Ne3 Rh5 39. Qb4 Qe7 40. Nc2 Qxb4 41. Nxb4 Ra8 42. Re1 Ke7 1/2-1/2

[Event "SRB Central-ch op-A 5th"]
[Site "Paracin"]
[Date "2012.07.07"]
[Round "3"]
[White "Thestrup, Sixten"]
[Black "Stojanovski, Dejan"]
[Result "0-1"]
[WhiteElo "2036"]
[BlackElo "2430"]
[PlyCount "64"]
[EventDate "2012.07.06"]
[EventType "swiss"]
[EventRounds "9"]
[EventCountry "SRB"]
[SourceTitle "CBM 149 Extra"]
[Source "ChessBase"]
[SourceDate "2012.08.24"]
[SourceVersion "1"]
[SourceVersionDate "2012.08.24"]
[SourceQuality "1"]

1. c4 Nf6 2. g3 c5 3. Bg2 d5 4. cxd5 Nxd5 5. Nc3 Nc7 6. d3 e5 7. Be3 Be7 8. Rc1 Nd7 9. Nf3 0-0 10. 0-0 b6 11. Nd2 Rb8 12. f4 Bb7 13. Nf3 exf4 14. Bxf4 Rc8 15. Bh3 Ne6 16. Bxe6 fxe6 17. Qb3 Rf6 18. Ne4 Rg6 19. a4 Bd5 20. Qd1 c4 21. Nc3 Bb7 22. d4 Bb4 23. Qc2 Qe8 24. e4 Rf6 25. e5 Rf5 26. Ne4 Bd5 27. Nh4 Rf8 28. Ng5 Qh5 29. Ng2 Be7 30. g4 Qg6 31. Qxg6 hxg6 32. Ne3 Rxf4 0-1

[Event "Copenhagen Challenge"]
[Site "Ballerup"]
[Date "2010.??.??"]
[Round "3"]
[White "Both, Erik"]
[Black "Thestrup, Sixten"]
[Result "1-0"]
[WhiteElo "2188"]
[BlackElo "1930"]
[PlyCount "115"]
[EventDate "2010.04.28"]
[EventType "swiss"]
[EventRounds "9"]
[EventCountry "DEN"]
[SourceTitle "EXT 2018"]
[Source "ChessBase"]
[SourceDate "2017.10.13"]
[SourceVersion "1"]
[SourceVersionDate "2017.10.13"]
[SourceQuality "1"]

1. e4 e5 2. Bc4 Nf6 3. d3 Bc5 4. Nf3 d6 5. c3 a5 6. Bg5 0-0 7. Nbd2 Bg4 8. h3 Bh5 9. g4 Bg6 10. Nf1 c6 11. Qe2 d5 12. Bxf6 Qxf6 13. Bb3 dxe4 14. dxe4 Qf4 15. Ng3 a4 16. Bc2 b5 17. Kf1 Nd7 18. Kg2 Nf6 19. Qe1 Ne8 20. Rd1 Nd6 21. Qe2 Rfd8 22. Rhe1 Nc4 23. Bb1 h6 24. Bd3 Nd6 25. Nh4 Bh7 26. Nhf5 Bxf5 27. exf5 e4 28. Bxe4 Nxe4 29. Rxd8+ Rxd8 30. Nxe4 Bb6 31. Qf3 Qxf3+ 32. Kxf3 a3 33. b3 Bc7 34. Ke2 h5 35. f3 hxg4 36. hxg4 f6 37. Rd1 Rxd1 38. Kxd1 Bb6 39. Kc2 Kf7 40. b4 g6 41. Kb3 gxf5 42. gxf5 Ke7 43. Kxa3 Bc7 44. Kb3 Be5 45. c4 Kd7 46. a4 bxa4+ 47. Kxa4 Kc7 48. Ka5 Bd4 49. Ka6 Be5 50. Nc5 Bc3 51. b5 cxb5 52. cxb5 Be5 53. f4 Bd6 54. Ne4 Bxf4 55. Nxf6 Kd6 56. Ng4 Kd5 57. b6 Ke4 58. f6 1-0

[Event "Copenhagen Challenge"]
[Site "Ballerup"]
[Date "2010.??.??"]
[Round "6"]
[White "Thestrup, Sixten"]
[Black "Andersen, Rune Egede"]
[Result "1-0"]
[WhiteElo "1930"]
[BlackElo "2073"]
[PlyCount "67"]
[EventDate "2010.04.28"]
[EventType "swiss"]
[EventRounds "9"]
[EventCountry "DEN"]
[SourceTitle "EXT 2018"]
[Source "ChessBase"]
[SourceDate "2017.10.13"]
[SourceVersion "1"]
[SourceVersionDate "2017.10.13"]
[SourceQuality "1"]

1. c4 e6 2. g3 d5 3. Bg2 Nf6 4. Nf3 Be7 5. 0-0 0-0 6. Qc2 c5 7. cxd5 exd5 8. d4 b6 9. Nc3 Nc6 10. Rd1 Bb7 11. Bg5 Nb4 12. Qf5 c4 13. a3 g6 14. Qb1 Nc6 15. Ne5 Na5 16. Qc2 Re8 17. Rab1 a6 18. Qc1 b5 19. Qf4 Nb3 20. h4 Rf8 21. Bh6 Nh5 22. Qf3 Ng7 23. Nxd5 Rb8 24. e4 f5 25. exf5 Rxf5 26. Qe4 Bd6 27. Bg5 Qf8 28. Qe3 Nxd4 29. Nd7 Nc2 30. Qe2 Re8 31. N5f6+ Kh8 32. Nxe8 Qf7 33. Nxd6 Qxd7 34. Nxf5 1-0

[Event "Copenhagen Challenge"]
[Site "Ballerup"]
[Date "2010.??.??"]
[Round "2"]
[White "Thestrup, Sixten"]
[Black "Olsen, Aage Dalstrup"]
[Result "1-0"]
[WhiteElo "1930"]
[BlackElo "2095"]
[PlyCount "63"]
[EventDate "2010.04.28"]
[EventType "swiss"]
[EventRounds "9"]
[EventCountry "DEN"]
[SourceTitle "EXT 2018"]
[Source "ChessBase"]
[SourceDate "2017.10.13"]
[SourceVersion "1"]
[SourceVersionDate "2017.10.13"]
[SourceQuality "1"]

1. c4 e5 2. g3 Nf6 3. Bg2 Nc6 4. Nc3 Bc5 5. e3 a6 6. Nge2 d6 7. 0-0 0-0 8. a3 Ba7 9. b4 Rb8 10. d4 Re8 11. b5 axb5 12. Nxb5 Bb6 13. d5 Ne7 14. a4 Bc5 15. Ba3 Bxa3 16. Rxa3 Bf5 17. c5 Be4 18. cxd6 cxd6 19. Nec3 Bxg2 20. Kxg2 Ra8 21. Qb3 Qd7 22. Rb1 Ra6 23. e4 Rc8 24. a5 Rca8 25. Qb4 Qd8 26. Rba1 Nc8 27. R1a2 b6 28. axb6 Qxb6 29. Rxa6 Rxa6 30. Qc4 Qb7 31. Rxa6 Qxa6 32. Nxd6 1-0

[Event "Dos Hermanas Internet qual-D 10th"]
[Site "ICC INT"]
[Date "2009.03.14"]
[Round "8"]
[White "Thestrup, Sixten"]
[Black "Batista, Gerson Peres"]
[Result "0-1"]
[WhiteElo "1906"]
[BlackElo "2210"]
[PlyCount "52"]
[EventDate "2009.03.14"]
[EventType "swiss (blitz)"]
[EventRounds "12"]
[EventCountry "ESP"]
[SourceTitle "EXT 2010"]
[Source "ChessBase"]
[SourceDate "2010.11.25"]
[SourceVersion "1"]
[SourceVersionDate "2010.11.25"]
[SourceQuality "1"]

1. e4 e5 2. Nf3 Nc6 3. Bb5 f5 4. Bxc6 dxc6 5. exf5 Nf6 6. 0-0 Bxf5 7. Re1 Bd6 8. d4 e4 9. Nh4 Be6 10. Nc3 0-0 11. Nxe4 Ng4 12. Nxd6 Qxh4 13. h3 Qxf2+ 14. Kh1 Qh4 15. Ne4 Rae8 16. Bg5 Nf2+ 17. Nxf2 Qxg5 18. Ne4 Qf4 19. Qd3 Bf5 20. Qc4+ Be6 21. Qd3 Bd5 22. Nd2 Bxg2+ 23. Kxg2 Qf2+ 24. Kh1 Rxe1+ 25. Rxe1 Qxe1+ 26. Kh2 Rf2+ 0-1

[Event "Dos Hermanas Internet qual-D 10th"]
[Site "ICC INT"]
[Date "2009.03.14"]
[Round "3"]
[White "Thestrup, Sixten"]
[Black "Castano, Jhon Edison"]
[Result "0-1"]
[WhiteElo "1906"]
[BlackElo "2031"]
[PlyCount "62"]
[EventDate "2009.03.14"]
[EventType "swiss (blitz)"]
[EventRounds "12"]
[EventCountry "ESP"]
[SourceTitle "EXT 2010"]
[Source "ChessBase"]
[SourceDate "2010.11.25"]
[SourceVersion "1"]
[SourceVersionDate "2010.11.25"]
[SourceQuality "1"]

1. c4 Nf6 2. g3 g6 3. Bg2 d5 4. cxd5 Nxd5 5. Nc3 c6 6. Rb1 Bg7 7. Nf3 0-0 8. 0-0 Nd7 9. Nxd5 cxd5 10. d4 b6 11. Bf4 Ba6 12. Re1 Rc8 13. Qb3 Rc4 14. e3 Qa8 15. Ne5 Nxe5 16. dxe5 e6 17. Rbd1 Rfc8 18. a3 Qc6 19. Qa2 Rc2 20. e4 Bc4 21. Qb1 Bb3 22. exd5 exd5 23. Rc1 Qa4 24. Rxc2 Bxc2 25. Qc1 Qc4 26. h3 b5 27. Re3 d4 28. Re1 d3 29. Re4 d2 30. Rxc4 dxc1Q+ 31. Bxc1 Rxc4 0-1

[Event "Politiken Cup 30th"]
[Site "Helsingor"]
[Date "2008.07.26"]
[Round "9"]
[White "Eiholt, Bjarne"]
[Black "Thestrup, Sixten"]
[Result "0-1"]
[WhiteElo "1669"]
[BlackElo "1883"]
[PlyCount "90"]
[EventDate "2008.07.19"]
[EventType "swiss"]
[EventRounds "10"]
[EventCountry "DEN"]
[SourceTitle "CBM 125 Extra"]
[Source "ChessBase"]
[SourceDate "2008.09.01"]
[SourceVersion "1"]
[SourceVersionDate "2008.09.01"]
[SourceQuality "1"]

1. d4 b6 2. c4 Bb7 3. Nc3 e6 4. e4 Bb4 5. Bd3 f5 6. d5 Qe7 7. Qe2 fxe4 8. Bxe4 exd5 9. cxd5 Nf6 10. Bf3 Qxe2+ 11. Ngxe2 Bxd5 12. Bxd5 Nxd5 13. Bd2 Nxc3 14. Nxc3 Nc6 15. 0-0 0-0-0 16. a3 Bxc3 17. Bxc3 Rhg8 18. b4 d5 19. b5 Nb8 20. Rfd1 c5 21. bxc6 Nxc6 22. Rac1 Kb7 23. Bd4 Rc8 24. Be3 d4 25. Bg5 Rge8 26. Kf1 Rc7 27. Rd3 Rd7 28. Rcd1 Re5 29. f4 Red5 30. g4 h6 31. Bh4 g5 32. fxg5 hxg5 33. Bf2 Re7 34. h4 gxh4 35. Bxh4 Re4 36. Rg3 Ne5 37. Re1 Rf4+ 38. Kg2 Nxg4 39. Be7 d3 40. Bb4 a5 41. Bd2 Rf2+ 42. Kh3 Rxd2 43. Kxg4 Re2 44. Rxd3 Rxd3 45. Rxe2 Rxa3 0-1

[Event "Copenhagen-ch"]
[Site "Copenhagen"]
[Date "2004.10.16"]
[Round "8"]
[White "Schmidt, Horst Hubert"]
[Black "Thestrup, Sixten"]
[Result "1-0"]
[WhiteElo "1910"]
[BlackElo "1906"]
[PlyCount "45"]
[EventDate "2004.10.09"]
[EventType "swiss"]
[EventRounds "9"]
[EventCountry "DEN"]
[SourceTitle "EXT 2018"]
[Source "ChessBase"]
[SourceDate "2017.10.13"]
[SourceVersion "1"]
[SourceVersionDate "2017.10.13"]
[SourceQuality "1"]

1. d4 g6 2. c4 d6 3. Nf3 Bg7 4. Nc3 f5 5. e3 Nf6 6. Bd3 0-0 7. 0-0 c6 8. Qb3 h6 9. e4 fxe4 10. Nxe4 g5 11. Ng3 Bg4 12. c5+ Kh8 13. Nd2 Nd5 14. Bc2 Qc7 15. Qd3 Nf6 16. h3 Bc8 17. Nh5 Kg8 18. Nxg7 Kxg7 19. Qg6+ Kh8 20. Qxh6+ Kg8 21. Qxg5+ Kh8 22. Qh6+ Kg8 23. Ne4 1-0